| 000 | 00897nam a2200145Ia 4500 | ||
|---|---|---|---|
| 008 | 240429s9999||||xx |||||||||||||| ||und|| | ||
| 041 | _aeng | ||
| 082 | _aCR/ECOWAS/21 | ||
| 100 | _aParliament of Ghana | ||
| 245 | 0 | _aReport of the Committee on Defence and Interior on the Headquarters Agreement Between the Government of the Republic of Ghana and the Economic Community of West African States(ECOWAS) on the Establishment of the Headquarters of the Multinational Maritime Coordination Centre (MMCC) of Zone F, in Accra Ghana.2021 | |
| 300 | _a6p | ||
| 650 | _aReport of the Committee on Defence and Interior on the Headquarters Agreement Between the Government - Republic of Ghana and the Economic Community of West African States(ECOWAS) on the Establishment of - Headquarters of the Multinational Maritime Coordination Centre (MMCC) of Zone F, in Accra Ghana | ||
| 942 | _cCR | ||
| 999 |
_c2013 _d2013 |
||